| 000 | 00668nam a2200205 a 4500 | ||
|---|---|---|---|
| 001 | 000042690 | ||
| 005 | 20201002040329.0 | ||
| 008 | 140205s1999 sp ac 000 0 spa d | ||
| 020 | _a8424505212 | ||
| 040 |
_aDO-SdBNP _bspa _cBNPHU |
||
| 082 |
_axxxx _bxxxx |
||
| 245 | 0 | 0 |
_aBuñuel, Dreyer, Welles / _cAndré Bazin ... [et al.]. |
| 250 | _a2a ed. | ||
| 260 |
_aMadrid : _bFundamentos, _c1999. |
||
| 300 |
_a110 p. : _bil., retrs. ; _c24 cm. |
||
| 490 | 1 |
_aMaestros del cine _adirectores _v103 |
|
| 500 | _aIncluye referencias bibliográficas y notas al pie de las páginas | ||
| 700 | 1 | 2 |
_aBazin, André _969995 |
| 830 | 0 |
_aMaestros del cine ; _pDirectores _n103 _969996 |
|
| 999 |
_c42179 _d42179 |
||